| 000 | 00516nam a2200181Ia 4500 | ||
|---|---|---|---|
| 999 |
_c28546 _d28546 |
||
| 003 | OSt | ||
| 005 | 20210105153630.0 | ||
| 008 | 190216s9999||||xx |||||||||||||| ||und|| | ||
| 020 | _a9788126412204 | ||
| 040 | _coclc | ||
| 082 |
_a894.8128 _bPIL/E |
||
| 100 |
_aPillai, P Govinda _96803 |
||
| 245 | 0 |
_aE M Sum Malayala Sahithyavum / _cP Govinda Pillai |
|
| 260 |
_bDC Books, _aKottayam: _c2006. |
||
| 300 | _a290p | ||
| 650 | _aPadanam | ||
| 942 |
_cBK _2ddc _h894.8128 _iPIL/E _k894.8128 _mPIL/E |
||